| 000 | 00000nam##2200000za#4500 |
| 001 | 9.700481 |
| 003 | CaOODSP |
| 005 | 20210625000843 |
| 007 | cr ||||||||||| |
| 008 | 150407|1988||||xxc|||||o f|0| 0 eng|d |
| 040 | |aCaOODSP|beng |
| 043 | |an-cn--- |
| 086 | 1 |aA53-5203/1988E-PDF |
| 110 | 1 |aCanada.|bAgriculture Canada. |bCommunications Branch. |
| 245 | 14|aThe seed program in Canada |h[electronic resource] |
| 260 | |aOttawa - Ontario : |bAgriculture Canada. |c1988. |
| 300 | |a12p.|bcoloured illus., tables |
| 500 | |aHistorical publication digitized by Agriculture and Agri-Food Canada. |
| 590 | |a15-05-Supp|b2015-03-31 |
| 690 | 07|aFlora|2gcpds |
| 775 | 08|tProgramme canadien des semences |w(CaOODSP)9.644363 |
| 856 | 40|ahttp://publications.gc.ca|qPDF|s1735 KB|uhttps://publications.gc.ca/collections/collection_2015/aac-aafc/A53-5203-1988-eng.pdf |